000 00395nam a22001337a 4500
020 _a9780349411903
082 _a650.1
100 _aNewport, Cal
245 _aDeep Work:
_bRules for focused success in a destructed world /
_cCal Newport
260 _aGreat Britain :
_bPiatkus,
_c2016.
300 _a296p. ;
_c23 cm.
942 _2ddc
_cBK
999 _c587932
_d587932